000 00240nam a2200097Ia 4500
008 190216s9999||||xx |||||||||||||| ||und||
100 _aNull
245 0 _aHindi-Prayoga Darm Matkar Jagsivanand Mayoor
260 _bS Vishwanathan
942 _cBK
999 _c18177
_d18177